| 000 | 00796nam a22001937a 4500 | ||
|---|---|---|---|
| 999 |
_c13816 _d13816 |
||
| 003 | AR-CdUCM | ||
| 008 | 190416b ||||| |||| 00| 0 spa d | ||
| 040 |
_aMUNICIPALIDAD PROVINCIAL DEL CUSCO _cBIBLIOTECA MUNICIPAL DEL CUSCO |
||
| 082 |
_a980.5 / _bV28 / 1948 |
||
| 100 |
_aVargas, Isaias B. _932373 |
||
| 245 | _aRecopilaciones psicológicas de mis apuntes críticos sobre asuntos indigenista / | ||
| 260 |
_aCusco : _bTip. Americana _c1948. |
||
| 300 |
_a163 paginas ; _c20 cm. |
||
| 505 | _aContenido :El segundo congreso indigenista --La persona --Fraternidad e igualdad --Derecho de personalidad y sus derivados --La libertad --Limitaciones de los derechos humanos ... | ||
| 650 |
_aSociología _9276 |
||
| 650 |
_aIndigenas _93232 |
||
| 942 |
_2ddc _cLIBROS |
||
| 945 |
_arjall _d2019-04-16 |
||